000
00218nam a22000857a 4500
008
160916b xxu||||| |||| 00| 0 eng d
100
_9
602
_a
Sharma.N.K
245
_a
Lab Science-6
260
_a
New Delhi
_b
LP. Publications
_c
2012
999
_c
3260
_d
3260